Julius Evola és Mircea Eliade egy elfeledett barátság
Elmentve itt :
| Szerző: | |
|---|---|
| További közreműködők: | |
| Adatforrás: | Philobibl |
| Forrásdokumentuma: | Tradíció [Évkönyv] 2002. 39-52. p. |
| Dokumentumtípus: | Cikk |
| Nyelv: | magyar |
| Kulcsszavak: | Julius Evola Mircea Eliade |
| Megjelent: |
2002
|
| LEADER | 00460nab a2200145 c 4500 | ||
|---|---|---|---|
| 001 | bibPHI0029178 | ||
| 005 | 20200924122444.3 | ||
| 008 | 061124s2002 xx hun | ||
| 100 | 1 | |a Turris, Gianfranco de | |
| 245 | 1 | 0 | |a Julius Evola és Mircea Eliade |b egy elfeledett barátság |c Turris, Gianfranco de ; [ford. Ferencz Ernő] |
| 260 | |c 2002 | ||
| 695 | |a Julius Evola | ||
| 695 | |a Mircea Eliade | ||
| 700 | 1 | |a Ferencz Ernő | |
| 773 | 0 | |t Tradíció [Évkönyv] |g 2002. 39-52. p. | |